000 00396nam a2200145 a 4500
005 20140412111333.0
008 110120s19uu xx 00 eng d
020 _a0-439-67621-5
050 _aTR(PS E
_bFa19 2004
100 _aMetzger, Steve
245 _aThe Falling leaves and the scarecrow /
_cSteve Metzger.
260 _aNew York :
_bScholastic,
_c2004.
300 _aunp.
999 _c104982
_d104982